Statistics for One Border Countries - Flag Quiz

Click here to take the quiz!

General Stats

  • This quiz has been taken 496 times
  • The average score is 16 of 17

Answer Stats

Answer% Correct
Canada
100%
Ireland
99%
Portugal
99%
South Korea
99%
Denmark
98%
United Kingdom
98%
Vatican City
96%
Qatar
94%
Papua New Guinea
93%
San Marino
93%
Dominican Republic
91%
Haiti
91%
Monaco
91%
Brunei
87%
Lesotho
87%
East Timor
84%
Gambia
80%

Score Distribution

Percentile by Number Answered

Percent of People with Each Score

Your Score History

You have not taken this quiz